<?xml version="1.0" encoding="UTF-8"?>
<collection xmlns="http://www.loc.gov/MARC21/slim">
 <record>
  <leader>09880nam a22004691a 4500</leader>
  <controlfield tag="001">1/27429</controlfield>
  <controlfield tag="008">      s2002    lu     f      00010 gre d</controlfield>
  <datafield tag="022" ind1="0" ind2=" ">
   <subfield code="a">0254-1483</subfield>
  </datafield>
  <datafield tag="022" ind1="0" ind2=" ">
   <subfield code="a">0254-1475</subfield>
  </datafield>
  <datafield tag="028" ind1="3" ind2="1">
   <subfield code="a">KT-CO-02-513-GR-C</subfield>
  </datafield>
  <datafield tag="028" ind1="3" ind2="1">
   <subfield code="a">KT-CO-02-513-EN-C</subfield>
  </datafield>
  <datafield tag="028" ind1="0" ind2="2">
   <subfield code="a">2002/0219 (COD)</subfield>
  </datafield>
  <datafield tag="028" ind1="3" ind2="1">
   <subfield code="a">2002/0220 (COD)</subfield>
  </datafield>
  <datafield tag="028" ind1="3" ind2="1">
   <subfield code="a">2002/0221 (CNS)</subfield>
  </datafield>
  <datafield tag="035" ind1=" " ind2=" ">
   <subfield code="l">29289</subfield>
  </datafield>
  <datafield tag="040" ind1=" " ind2=" ">
   <subfield code="a">GR-PeUP</subfield>
  </datafield>
  <datafield tag="084" ind1=" " ind2=" ">
   <subfield code="2">KET</subfield>
   <subfield code="a">COM (2002) 488 τελικό</subfield>
  </datafield>
  <datafield tag="110" ind1="2" ind2=" ">
   <subfield code="a">Επιτροπή των Ευρωπαϊκών Κοινοτήτων.</subfield>
  </datafield>
  <datafield tag="245" ind1="1" ind2="0">
   <subfield code="a">Ανακοίνωση της Επιτροπής προς το Ευρωπαικό Κοινοβούλιο και το Συμβούλιο Η εσωτερική αγορά ενέργειας: Συντονισμένα μέτρα όσον αφορά την ασφάλεια του ενεργειακού ανεφοδιασμού. Πρόταση οδηγία του Ευρωπαικού Κοινοβουλίου και του Συμβουλίου σχετικά με την προσέγγιση των μέτρων στον τομέα της ασφάλειας του εφοδιασμού με προϊόντα πετρελαίου. Πρόταση οδηγία του Ευρωπαικού Κοινοβουλίου και του Συμβουλίου σχετικά με τα μέτρα διασφάλισης του εφοδιασμού με φυσικό αέριο. Πρόταση οδηγία του Συμβουλίου για την κατάργηση των οδηγιών 68/414/ΕΟΚ και 98/93/ΕΚ του Συμβουλίου περί υποχρεώσεως διατηρήσεως ενός ελαχίστου επιπέδου αποθεμάτων αργού πετρελαίου ή /και προϊόντων πετρελαιου από τα κράτη μέλη της ΕΟΚ, καθώς και της οδηγίας 73/238/ΕΟΚ του Συμβουλίου περί μέτρων προορισμένων να αμβλύνουν τις επιπτώσεις των δυσχερειών εφοδιασμού με πετρέλαιο και προϊόντα πετρελαίου. Πρόταση απόφαση του Συμβουλίου για την κατάργηση της απόφασης 68/416/ΕΟΚ του Συμβουλίου περί συνάψεως και εκτελέσεως των ειδικών συμφωνιών των σχετικών με την υποχρέωση διατηρήσεως ενός ελαχίστου επιπέδου αποθεμάτων αργού πετρελαίου ή /και προϊόντων πετρελαιου εκ μέρους των κρατών μελών, καθώς και της απόφασης 77/706/ΕΟΚ του Συμβουλίου περί καθορισμού κοινοτικού στόχου μειώσεως της καταναλώσεως πρωτογενούς ενέργειας σε περίπτωση δυσχερειών εφοδιασμού σε αργό πετρέλαιο και προϊόντα πετρελαίου.</subfield>
   <subfield code="b">υποβάλλεται από την Επιτροπή/</subfield>
   <subfield code="c">Επιτροπή των Ευρωπαϊκών Κοινοτήτων</subfield>
  </datafield>
  <datafield tag="246" ind1="1" ind2="0">
   <subfield code="a">Πρόταση οδηγία του Ευρωπαικού Κοινοβουλίου και του Συμβουλίου σχετικά με την προσέγγιση των μέτρων στον τομέα της ασφάλειας του εφοδιασμού με προϊόντα πετρελαίου.</subfield>
  </datafield>
  <datafield tag="246" ind1="1" ind2="0">
   <subfield code="a">Πρόταση οδηγία του Ευρωπαικού Κοινοβουλίου και του Συμβουλίου σχετικά με τα μέτρα διασφάλισης του εφοδιασμού με φυσικό αέριο.</subfield>
  </datafield>
  <datafield tag="246" ind1="1" ind2="0">
   <subfield code="a">Πρόταση οδηγία του Συμβουλίου για την κατάργηση των οδηγιών 68/414/ΕΟΚ και 98/93/ΕΚ του Συμβουλίου περί υποχρεώσεως διατηρήσεως ενός ελαχίστου επιπέδου αποθεμάτων αργού πετρελαίου ή /και προϊόντων πετρελαιου από τα κράτη μέλη της ΕΟΚ, καθώς και της οδηγίας 73/238/ΕΟΚ του Συμβουλίου περί μέτρων προορισμένων να αμβλύνουν τις επιπτώσεις των δυσχερειών εφοδιασμού με πετρέλαιο και προϊόντα πετρελαίου.</subfield>
  </datafield>
  <datafield tag="246" ind1="1" ind2="0">
   <subfield code="a">Πρόταση απόφαση του Συμβουλίου για την κατάργηση της απόφασης 68/416/ΕΟΚ του Συμβουλίου περί συνάψεως και εκτελέσεως των ειδικών συμφωνιών των σχετικών με την υποχρέωση διατηρήσεως ενός ελαχίστου επιπέδου αποθεμάτων αργού πετρελαίου ή /και προϊόντων πετρελαιου εκ μέρους των κρατών μελών, καθώς και της απόφασης 77/706/ΕΟΚ του Συμβουλίου περί καθορισμού κοινοτικού στόχου μειώσεως της καταναλώσεως πρωτογενούς ενέργειας σε περίπτωση δυσχερειών εφοδιασμού σε αργό πετρέλαιο και προϊόντα πετρελαίου.</subfield>
  </datafield>
  <datafield tag="246" ind1="1" ind2="0">
   <subfield code="a">Proposal for a directive of the European Parliament and of the Council concerning the alignment of measures with regard to security of supply for petroleum products.</subfield>
  </datafield>
  <datafield tag="246" ind1="1" ind2="0">
   <subfield code="a">Proposal for a Council directive repealing Council directives 68/414/EEC and 98/93/EC imposing an obligation on Member States of the EEC to maintain minimum stocks of crude oil and /or petroleum products, and Council Directive 73/238/EEC on measures to mitigate the effects of difficulties in the supply of crude oil and petroleum products.</subfield>
  </datafield>
  <datafield tag="246" ind1="1" ind2="0">
   <subfield code="a">Proposal for a directive of the European Parliament and the Council concerning measures to safeguard security of natural gas supply.</subfield>
  </datafield>
  <datafield tag="246" ind1="1" ind2="0">
   <subfield code="a">Communication from the Commission to the European Parliament and the Council The internal market in energy: Coordinated measures on the security of energy supply. Proposal for a directive of the European Parliament and of the Council concerning the alignment of measures with regard to security of supply for petroleum products. Proposal for a directive of the European Parliament and the Council concerning measures to safeguard security of natural gas supply. Proposal for a Council directive repealing Council directives 68/414/EEC and 98/93/EC imposing an obligation on Member States of the EEC to maintain minimum stocks of crude oil and /or petroleum products, and Council Directive 73/238/EEC on measures to mitigate the effects of difficulties in the supply of crude oil and petroleum products. Proposal for a Council decision repealing Council decision 68/416/EEC on the conclusion and implementation of individual agreements between governments relating to the obligation of Member States to maintain minimum stocks of crude oil and/ or petroleum products and Council decision 77/706/EEC on the setting of a Community target for a reduction in the consumption of primary sources of energy in the event of difficulties in the supply of crude oil and petroleum products</subfield>
  </datafield>
  <datafield tag="246" ind1="1" ind2="0">
   <subfield code="a">Proposal for a Council decision repealing Council decision 68/416/EEC on the conclusion and implementation of individual agreements between governments relating to the obligation of Member States to maintain minimum stocks of crude oil and/ or petroleum products and Council decision 77/706/EEC on the setting of a Community target for a reduction in the consumption of primary sources of energy in the event of difficulties in the supply of crude oil and petroleum products</subfield>
  </datafield>
  <datafield tag="260" ind1="0" ind2=" ">
   <subfield code="a">Βρυξέλλες, Λουξεμβούργο:</subfield>
   <subfield code="b">Υπηρεσία Επισήμων Εκδόσεων των Ευρωπαϊκών Κοινοτήτων,</subfield>
   <subfield code="c">11.9.2002</subfield>
  </datafield>
  <datafield tag="300" ind1=" " ind2=" ">
   <subfield code="a">123 σελ.</subfield>
  </datafield>
  <datafield tag="500" ind1=" " ind2=" ">
   <subfield code="a">Δίγλωσσο</subfield>
  </datafield>
  <datafield tag="852" ind1=" " ind2=" ">
   <subfield code="a">INST</subfield>
   <subfield code="b">UNIPILB</subfield>
   <subfield code="c">KET</subfield>
   <subfield code="e">20050727</subfield>
   <subfield code="h">KET  COM (2002) 488 τελικό</subfield>
   <subfield code="p">COM (2002) 488</subfield>
   <subfield code="q">COM (2002) 488</subfield>
   <subfield code="t">NOLOAN</subfield>
   <subfield code="y">23</subfield>
   <subfield code="4">1</subfield>
  </datafield>
  <datafield tag="856" ind1="7" ind2="8">
   <subfield code="u">https://eur-lex.europa.eu/legal-content/EL/TXT/PDF/?uri=CELEX:52002PC0488(01)&amp;qid=1551177410315&amp;from=EL</subfield>
  </datafield>
  <datafield tag="856" ind1="7" ind2="8">
   <subfield code="u">https://eur-lex.europa.eu/legal-content/EN/TXT/PDF/?uri=CELEX:52002PC0488(01)&amp;qid=1551177410315&amp;from=EL</subfield>
  </datafield>
  <datafield tag="856" ind1="7" ind2="8">
   <subfield code="u">https://eur-lex.europa.eu/legal-content/EL/TXT/PDF/?uri=CELEX:52002PC0488(02)&amp;qid=1551177410315&amp;from=EL</subfield>
  </datafield>
  <datafield tag="856" ind1="7" ind2="8">
   <subfield code="u">https://eur-lex.europa.eu/legal-content/EN/TXT/PDF/?uri=CELEX:52002PC0488(02)&amp;qid=1551177410315&amp;from=EL</subfield>
  </datafield>
  <datafield tag="856" ind1="7" ind2="8">
   <subfield code="u">https://eur-lex.europa.eu/legal-content/EL/TXT/PDF/?uri=CELEX:52002PC0488(03)&amp;qid=1551177410315&amp;from=EL</subfield>
  </datafield>
  <datafield tag="856" ind1="7" ind2="8">
   <subfield code="u">https://eur-lex.europa.eu/legal-content/EN/TXT/PDF/?uri=CELEX:52002PC0488(03)&amp;qid=1551177410315&amp;from=EL</subfield>
  </datafield>
  <datafield tag="856" ind1="7" ind2="8">
   <subfield code="u">https://eur-lex.europa.eu/legal-content/EL/TXT/PDF/?uri=CELEX:52002PC0488(04)&amp;qid=1551177410315&amp;from=EL</subfield>
  </datafield>
  <datafield tag="856" ind1="7" ind2="8">
   <subfield code="u">https://eur-lex.europa.eu/legal-content/EN/TXT/PDF/?uri=CELEX:52002PC0488(04)&amp;qid=1551177410315&amp;from=EL</subfield>
  </datafield>
  <datafield tag="856" ind1="7" ind2="8">
   <subfield code="u">https://eur-lex.europa.eu/legal-content/EL/TXT/PDF/?uri=CELEX:52002DC0488&amp;qid=1551177410315&amp;from=EL</subfield>
  </datafield>
  <datafield tag="856" ind1="7" ind2="8">
   <subfield code="u">https://eur-lex.europa.eu/legal-content/EN/TXT/PDF/?uri=CELEX:52002DC0488&amp;qid=1551177410315&amp;from=EL</subfield>
  </datafield>
 </record>
</collection>
